White in the Answers #2 - Statistics

General Stats
  • This quiz has been taken 37,085 times
    14,632 since last reset
  • The average score is 13 of 20
Answer Stats
Clue Answer % Correct
Shark species featured in "Jaws" Great white shark
94%
Signals the election of a new pope White smoke
87%
Something you write on with markers, not chalk Whiteboard
83%
Main character on "Breaking Bad" Walter White
81%
Rescuer of a damsel in distress White knight
74%
Small type of star White dwarf
73%
What Dover is famous for White cliffs
71%
Leukocyte White blood cell
67%
What a person has when they grip the steering wheel tightly White knuckles
66%
Feature of rapids Whitewater
65%
Cocktail with vodka and milk White Russian
63%
Formal evening wear White tie
61%
Animal kept by Siegfried & Roy White tiger
56%
Type of tissue found in the brain White matter
55%
Symbol of the House of York White rose
53%
Nickname of the Beatles' double LP released in 1968 White Album
51%
Supernatural creature that can raise the dead in "Game of Thrones" White walker
47%
Billy Idol song White wedding
47%
Capital of the Yukon Territory Whitehorse
38%
New Mexico national park and missile test site White Sands
28%
No matching quizzes found
Score Distribution
Percent of People with Each Score
Percentile by Number Answered
Your Score History
You have not taken this quiz since the last reset